000 01051nam a22003137a 4500
003 CHAP
005 20220817044516.0
008 120306s2008 it r 00010 d
010 _a102900
011 _a103872
020 _a9789252061212
035 _a114561
040 _cCHAP
082 0 4 _a639.2
_bF46f
110 2 _aFAO
245 1 0 _aRapport de l<U+2019>Atelier régional sur l<U+2019>aménagement de la pêche artisanale en Afrique de l<U+2019>Ouest
_c/por FAO
260 _aRoma :
_bFAO,
_c2008
300 _av, 36 p.
490 0 _aFAO. Informe de pesca y acuicultura
_v; 831
500 _aPraia, Cap-Vert, 26-29 septembre 2006
590 _aBATCH-UPD
_b10
_c20130410
_lUCH01
_h0654
590 _aBATCH-UPD
_b10
_c20130914
_lUCH01
_h1350
590 _aCONVERSION
_b10
_c20130109
_lUCH01
_h1357
650 1 4 _aPesca
_zÁfrica Occidental.
_987424
830 1 0 _aFAO. Informe de pesca y acuicultura
_v; 831
_939588
901 _aBK
942 _cLIBRO
949 _a639.2 F46f v.831
_bBC
_cFAO
_d33724002098173
_eFAO1
_gDonaciØn
_h116291
_i114561
_sb
999 _c102900
_d102900